| 000 | 00631nam a22001937a 4500 | ||
|---|---|---|---|
| 005 | 20240513150857.0 | ||
| 010 | _aENG-140333 | ||
| 020 |
_c850.00 _a9789390179398 |
||
| 035 | _aEN-123865 | ||
| 037 | _bDBAD | ||
| 082 | _a954.42 | ||
| 100 |
_aGoyal, Shankar _966122 |
||
| 245 |
_aThe Past Before Us: _bHistorical Traditions in the Historiography of Rajasthan/ _cBy Shankar Goyal |
||
| 260 |
_aJodhpur _bRajasthani Granthagar _c2021 |
||
| 270 |
_aFirst Floor, Opp. Ganesh Temple Outside Sojati Gate, _bJodhpur |
||
| 300 |
_a317p. _c22cm(hb) |
||
| 700 |
_aGoyal, Shankar _966060 |
||
| 942 |
_2ddc _cEN _h954.42 _mGOY |
||
| 999 |
_c202806 _d202806 |
||